| 000 | 01676nam a2200121Ia 4500 | ||
|---|---|---|---|
| 008 | 220620s9999||||xx |||||||||||||| ||und|| | ||
| 245 | 0 | _aCoastal Dynamic and Evolution | |
| 546 | _aEnglish[eng] | ||
| 650 | _acultural heritage||shoreline dynamics||GIS||UAV||Palaeolithic||Volga||European Russia||XBeach||inundation||erosion||BSS||Sant Esteve 2008||coarse sediment||D50||sieving||sand size||sand parameters||coastal dynamics||aesthetic appeal||Baltic Sea||coastal dunes||Curonian Spit||Delphi technique||paired comparison survey||psychophysical approach||Jakarta Bay||sea level rise||river discharge||flooding||tides||currents||beach ridges||mathematical reconstruction||curve fitting||Ombrone River Delta||coastline||cliff and bluff retreat||erosion rate||uncertainty||sea-level rise||adaptive management||Alicante||beach nourishment||CIEL*a*b*||coastal management||Costa Blanca||mineralogical characterization||sediment colour||tourism||western Mediterranean||EOF||beach profiles||reef flat||sand rich||accretion||mangrove||coastal dynamic||salinization||Rhizophora mangle||Avicennia germinans||Laguncularia racemosa||wave energy||Hurricane Katia||longshore transport||dissipative||tsunami propagation||tsunami flooding||sicilian coast||coastal hazard||dune characterization||anthropic occupation||fragmentation index||dune surface||coastal landscape evolution||geomorphological analysis||palaeo-shore platform||relative sea-level changes||sea-level proxy||vertical ground movements||campi flegrei volcanic area||coastal landscapes||coastal evolution assessment | ||
| 700 | _aAnfuso, Giorgio||Rizzo, Angela | ||
| 856 | _uhttps://mdpi.com/books/pdfview/book/3379 | ||
| 942 | _cEB | ||
| 999 |
_c24655 _d24655 |
||